000 00405pab a2200145 454500
008 180718b1983 xxu||||| |||| 00| 0 eng d
100 _aGould, Ketayun
245 _aSex inequalities in the dual system of education
_bThe Parsis of Gujarat
260 _c1983
300 _a1668-76
362 _a24 Sept.
650 _aParsis - India - Gujarat
773 _aEconomic and Political Weekly
909 _a14727
999 _c14727
_d14727